00337nam a2200109Ia 4500008004100000082000800041100001400049245004400063942000600107952009900113999001500212240331s9999 xx 000 0 und d bSUT aSutharaj, 0aOru nalil marainthairu malai poluthukal cL 001040708LaWERCLbWERCLcSSCd2024-03-31l0o 894.811 SUTp2367r2024-03-31w2024-03-31yL c4202d4202